Indian kitsch : (Record no. 934)

MARC details
000 -LEADER
fixed length control field 00958nam a2200301 i 4500
005 - DATE AND TIME OF LATEST TRANSACTION
control field 20260322212040.0
008 - FIXED-LENGTH DATA ELEMENTS--GENERAL INFORMATION
fixed length control field data
010 ## - LIBRARY OF CONGRESS CONTROL NUMBER
LC control number 78065928
020 ## - INTERNATIONAL STANDARD BOOK NUMBER
International Standard Book Number 0873581903 :
Terms of availability {dollar}8.50
020 ## - INTERNATIONAL STANDARD BOOK NUMBER
International Standard Book Number 9780873581905 :
Terms of availability {dollar}8.50
040 ## - CATALOGING SOURCE
Original cataloging agency DLC
Transcribing agency DLC
Modifying agency DLC
043 ## - GEOGRAPHIC AREA CODE
Geographic area code n------
-- n------
050 00 - LIBRARY OF CONGRESS CALL NUMBER
Classification number TR654
Item number .S35
082 00 - DEWEY DECIMAL CLASSIFICATION NUMBER
Classification number 704.94/9
092 ## - LOCALLY ASSIGNED DEWEY CALL NUMBER (OCLC)
Classification number 704.94 S35 1979
001 - CONTROL NUMBER
control field data
100 1# - MAIN ENTRY--PERSONAL NAME
Personal name Scholder, Fritz,
Dates associated with a name 1937-
245 10 - TITLE STATEMENT
Title Indian kitsch :
Remainder of title the use and misuse of Indian images /
Statement of responsibility, etc. Fritz Scholder.
250 ## - EDITION STATEMENT
Edition statement 1st ed.
260 ## - PUBLICATION, DISTRIBUTION, ETC.
Place of publication, distribution, etc. [Flagstaff, Ariz.] :
Name of publisher, distributor, etc. Northland Press,
Date of publication, distribution, etc. c1979.
300 ## - PHYSICAL DESCRIPTION
Extent [60] p. :
Other physical details chiefly ill. (some col.) ;
Dimensions 24 cm.
600 10 - SUBJECT ADDED ENTRY--PERSONAL NAME
Personal name Scholder, Fritz,
Dates associated with a name 1937-
650 #0 - SUBJECT ADDED ENTRY--TOPICAL TERM
Topical term or geographic name entry element Photography, Artistic.
650 #0 - SUBJECT ADDED ENTRY--TOPICAL TERM
Topical term or geographic name entry element Indians of North America
General subdivision Pictorial works.
650 #0 - SUBJECT ADDED ENTRY--TOPICAL TERM
Topical term or geographic name entry element Kitsch
Geographic subdivision United States.
906 ## - LOCAL DATA ELEMENT F, LDF (RLIN)
a 7
b cbc
c orignew
d 2
e opcn
f 19
g y-gencatlg
991 ## -
-- c-GenColl
-- TR654
-- .S35
-- 0000208837A
-- Copy 1
-- BOOKS
Holdings
Withdrawn status Lost status Damaged status Not for loan Home library Current library Shelving location Date acquired Total checkouts Full call number Barcode Date last seen Price effective from Koha item type
        Pleasant Valley Pleasant Valley General stacks 22/03/2026   704.94/9 BC0010966 22/03/2026 22/03/2026 Books